000 01059nas a2200349 4500
001 BR0702984
003 BR-BrBNA
005 20231205110833.0
007 ta
008 230509b bl.|||p| |||| 00| 00por d
040 _aBR-BrBNA
_bpor
_cBiblioteca Nacional de Agricultura
041 _a(Pt)
072 _aL73
100 1 _aMelo, L.E.H. de
100 1 _aD'Angelino, J.L.
100 1 _aCastro, R.S. de
100 1 _aSchalch, U.M.
100 1 _aPacheco, J.c.G.
100 1 _aBenatti, L.A.T.
100 1 _aAraújo, W.P. de
100 1 _aPinheiro, S.R.
245 1 _aPrevalência de vacas reagentes à tuberculinização simultânea em rebanhos produtores de leite do tipo C do Estado de São Paulo
650 _aVACA
650 _aGADO LEITEIRO
650 _aTUBERCULOSE
650 _aBACTÉRIA
650 _aENFERMIDADE
650 _aZOONOSE
773 0 _tCiência Veterinária nos Trópicos (Brazil)
_xISSN 1415-6326
_g(May-Aug 1999), v. 2(2) p. 91-99
_wBR0702984
909 _a202311
_bLúcia
_c55
_dLúcia Elande
942 _2AGRIS
_n0
_cANA
999 _c189359
_d189359